| 000 | 00354pam a2200145 a 4500 | ||
|---|---|---|---|
| 020 | _c | ||
| 041 | _h | ||
| 082 |
_a741.6 _bTAP |
||
| 100 | _aC. Tappenden / Z. Jefford/ S. Farris. | ||
| 245 |
_aGraphic Design _bGraphic Design _hTextual Documents |
||
| 250 | _a2004. | ||
| 260 |
_a[s.l]: _bCassell Illustrated |
||
| 300 |
_a144: _bpaper. |
||
| 930 | _a1467 | ||
| 999 |
_c235257 _d235257 |
||